A Marks the Spot - Statistics

General Stats
  • This quiz has been taken 130 times
  • The average score is 12 of 21
Answer Stats
Hint Answer % Correct
Facial hair Beard
98%
Eucalyptus eater Koala
89%
Mass of flying bees Swarm
84%
Complete havoc Chaos
79%
Butter substitute Margarine
78%
Resident of Sofia, eg. Bulgarian
67%
Newspaper writers Journalists
65%
Betrayal of country Treason
65%
South American country Ecuador
64%
African country Ghana
64%
Sorcerers Wizards
64%
Don Quixote author Cervantes
55%
Garden gastropod Snail
54%
Very early childhood Infancy
52%
Little Havana city Miami
48%
Cheops construction Pyramid
47%
Raging fire Blaze
45%
Honeycomb cell eg. Hexagon
40%
Extreme anger Wrath
29%
Apollo's twin Diana
20%
Camelopard Giraffe
14%
No matching quizzes found
Score Distribution
Percent of People with Each Score
Percentile by Number Answered
Your Score History
You have not taken this quiz